Homes for the masses (Record no. 75011)
[ view plain ]
| 000 -LEADER | |
|---|---|
| fixed length control field | 01439cab a2200193 4500 |
| 001 - CONTROL NUMBER | |
| control field | L129238 |
| 008 - FIXED-LENGTH DATA ELEMENTS--GENERAL INFORMATION | |
| fixed length control field | 050404n2005 000 0 eng u |
| 035 ## - SYSTEM CONTROL NUMBER | |
| System control number | (Sirsi) u129238 |
| 041 ## - LANGUAGE CODE | |
| Language code of text/sound track or separate title | eng |
| 100 ## - MAIN ENTRY--PERSONAL NAME | |
| Personal name | Clark, Paul |
| 245 ## - TITLE STATEMENT | |
| Title | Homes for the masses |
| 260 ## - PUBLICATION, DISTRIBUTION, ETC. | |
| Date of publication, distribution, etc. | 2005 |
| 490 ## - SERIES STATEMENT | |
| Series statement | Estates Gazette |
| Volume/sequential designation | (0510)12 March 2005, 150-151(2) |
| 520 ## - SUMMARY, ETC. | |
| Summary, etc. | Evaluates the plethora of government and non-government solutions to the inadequate supply of affordable housing. Government recognises that providing more homes is not enough. They must be homes in which people want to live and which allow communities to grow and prosper. Highlights the issue that although the vast majority of the housing requirement is for one-bedroom houses, the market place is delivering executive three-or-four bedroom houses, the most profitable development category. Looks at: limiting homeowners' profits from their property; a tax on all land by reference to its optimal use; the Barker recommendation to build more homes; key worker housing and finance; housing density; and the issues surrounding schemes to provide cheaper housing. Suggests embracing innovative use of land and building techniques and introducing new house funding mechanisms such as credit enhancements and pre-mortgaged homes. |
| 590 ## - LOCAL NOTE (RLIN) | |
| Local note | IKA150405 |
| 650 ## - SUBJECT ADDED ENTRY--TOPICAL TERM | |
| Topical term or geographic name entry element | Affordable housing |
| 9 (RLIN) | 6215 |
| 690 ## - LOCAL SUBJECT ADDED ENTRY--TOPICAL TERM (OCLC, RLIN) | |
| Topical term or geographic name as entry element | PROPERTY-RESIDENTIAL PROPERTY-RESIDENTIAL PROPERTY DEVELOPMENT |
| 942 ## - ADDED ENTRY ELEMENTS (KOHA) | |
| Suppress in OPAC | 0 |
| Withdrawn status | Lost status | Source of classification or shelving scheme | Damaged status | Not for loan | Home library | Current library | Shelving location | Date acquired | Total Checkouts | Full call number | Barcode | Date last seen | Copy number | Price effective from | Koha item type |
|---|---|---|---|---|---|---|---|---|---|---|---|---|---|---|---|
| Dewey Decimal Classification | London | London | Journal article | 04/04/2005 | L129238 | 129238-1001 | 06/08/2019 | 1 | 06/08/2019 | Journal article |